Linux The Complete Reference (Record no. 11029)

MARC details
000 -LEADER
fixed length control field 00363nam a22001577a 4500
003 - CONTROL NUMBER IDENTIFIER
control field OSt
008 - FIXED-LENGTH DATA ELEMENTS--GENERAL INFORMATION
fixed length control field 211110b ||||| |||| 00| 0 eng d
020 ## - INTERNATIONAL STANDARD BOOK NUMBER
International Standard Book Number 9780070222946
082 ## - DEWEY DECIMAL CLASSIFICATION NUMBER
Classification number 005.44 PEL
100 ## - MAIN ENTRY--PERSONAL NAME
Personal name PETERSEN,Rechard
245 ## - TITLE STATEMENT
Title Linux The Complete Reference
260 ## - PUBLICATION, DISTRIBUTION, ETC. (IMPRINT)
Place of publication, distribution, etc New Delhi
Name of publisher, distributor, etc TMH
Date of publication, distribution, etc 2019
300 ## - PHYSICAL DESCRIPTION
Extent 830
650 ## - SUBJECT ADDED ENTRY--TOPICAL TERM
Topical term or geographic name as entry element BCA
942 ## - ADDED ENTRY ELEMENTS (KOHA)
Source of classification or shelving scheme Dewey Decimal Classification
Koha item type Text Books
942 ## - ADDED ENTRY ELEMENTS (KOHA)
-- 7
Holdings
Withdrawn status Lost status Source of classification or shelving scheme Damaged status Not for loan Collection code Home library Current library Date acquired Source of acquisition Currency Cost, normal purchase price Bill Number Total Checkouts Full call number Acc. no. / Barcode Date last seen Date last borrowed Actual Cost, discounted price Bill Date Koha item type
    Dewey Decimal Classification     BCA PIET C-LIBRARY PIET C-LIBRARY 22/10/2021 Kirti Praskshan IN Rupees 1099.00 IN2723 4 005.44 PEL BC1545 08/11/2024 16/10/2024 747.00 22/10/2021 Text Books
    Dewey Decimal Classification     BCA PIET C-LIBRARY PIET C-LIBRARY 22/10/2021 Kirti Praskshan IN Rupees 1099.00 IN2723 2 005.44 PEL BC1546 13/12/2021 01/12/2021 747.00 22/10/2021 Text Books
    Dewey Decimal Classification     BCA PIET C-LIBRARY PIET C-LIBRARY 22/10/2021 Kirti Praskshan IN Rupees 1099.00 IN2723 3 005.44 PEL BC1547 23/05/2022 06/05/2022 747.00 22/10/2021 Text Books

Design & Developed by: PIET Central Library
R70 Miles Stone Pattikalyana Samalkha Panipat 132102
mail ID :- [email protected], Phone No:- 0180-2569700 Ex.216